[Event "Albena BUL, 19th Open round_4"]
[Site "Albena BUL"]
[Date "2011.06.28"]
[Round "4.43"]
[White "Taras, Iulian-Ioan"]
[Black "Valkov, Vladimir"]
[Result "1-0"]
[WhiteElo "2267"]
[BlackElo "2061"]
[PlyCount "99"]
[EventDate "2011.06.25"]
[EventType "swiss"]
[EventRounds "9"]
[EventCountry "BUL"]

1. Nf3 Nf6 2. d4 g6 3. c4 Bg7 4. Nc3 d6 5. e4 O-O 6. Be2 e5 7. Be3 Nc6 8. d5
Ne7 9. Nd2 Ne8 10. c5 f5 11. f3 Rf7 12. Nc4 f4 13. Bf2 g5 14. b4 Ng6 15. Qb3
Bf8 16. cxd6 Bxd6 17. Rc1 Nh4 18. Rg1 g4 19. Nb5 g3 20. hxg3 fxg3 21. Be3 Bd7
22. Ncxd6 cxd6 23. Nxa7 Ng6 24. Nb5 Nf4 25. Bf1 Qh4 26. a4 Qh2 27. Rc2 Rg7 28.
a5 Rc8 29. Rxc8 Bxc8 30. Qc2 Bd7 31. Na3 Qh4 32. Bxf4 Qxf4 33. Qd2 Qh4 34. b5
Bc8 35. b6 Qd8 36. Bb5 Bd7 37. Ke2 Nf6 38. Rh1 Qc8 39. Rc1 Qe8 40. Bxd7 Nxd7
41. Rc7 Nc5 42. Qh6 Rd7 43. Nc4 Qd8 44. Nxd6 Rxc7 45. bxc7 Qxc7 46. Nf5 Nb3 47.
Qe6+ Kf8 48. Qf6+ Ke8 49. Nd6+ Kd7 50. Qe6+ 1-0

[Event "Albena BUL, 19th Open round_4"]
[Site "Albena BUL"]
[Date "2011.06.28"]
[Round "4.44"]
[White "Stavila, Irina"]
[Black "Olarasu, Gabriela"]
[Result "1/2-1/2"]
[WhiteElo "1918"]
[BlackElo "2266"]
[PlyCount "58"]
[EventDate "2011.06.25"]
[EventType "swiss"]
[EventRounds "9"]
[EventCountry "BUL"]

1. c4 c5 2. Nc3 b6 3. e4 Bb7 4. g3 g6 5. Bg2 Bg7 6. Nge2 d6 7. O-O Nc6 8. d3
Nf6 9. f4 O-O 10. h3 Nd7 11. g4 Nd4 12. Be3 a6 13. Qd2 e6 14. Ng3 b5 15. Nce2
Nxe2+ 16. Qxe2 Rb8 17. Rad1 Re8 18. b3 d5 19. d4 dxe4 20. Nxe4 Bxe4 21. Bxe4
cxd4 22. Bxd4 Bxd4+ 23. Rxd4 Qb6 24. Qf2 Nf6 25. Bf3 Kg7 26. Rfd1 Rec8 27. cxb5
axb5 28. R1d2 Qc7 29. Kg2 Rd8 1/2-1/2

[Event "Albena BUL, 19th Open round_4"]
[Site "Albena BUL"]
[Date "2011.06.28"]
[Round "4.45"]
[White "Tashkov, Rumen"]
[Black "Sofranov, Velizar"]
[Result "1/2-1/2"]
[WhiteElo "2248"]
[BlackElo "2053"]
[PlyCount "36"]
[EventDate "2011.06.25"]
[EventType "swiss"]
[EventRounds "9"]
[EventCountry "BUL"]

1. d4 Nf6 2. c4 g6 3. Nf3 Bg7 4. g3 d5 5. cxd5 Nxd5 6. Bg2 Nb6 7. Nc3 Nc6 8. e3
O-O 9. O-O Re8 10. b3 e5 11. Nxe5 Nxe5 12. dxe5 Bxe5 13. Bb2 c6 14. Qe2 Qe7 15.
Rad1 Be6 16. e4 f5 17. f4 Bg7 18. e5 Red8 1/2-1/2

[Event "Albena BUL, 19th Open round_4"]
[Site "Albena BUL"]
[Date "2011.06.28"]
[Round "4.46"]
[White "Hristov, Nikolay Valeriev"]
[Black "Spiridonov, Nikola"]
[Result "1/2-1/2"]
[WhiteElo "1913"]
[BlackElo "2244"]
[PlyCount "91"]
[EventDate "2011.06.25"]
[EventType "swiss"]
[EventRounds "9"]
[EventCountry "BUL"]

1. d4 Nf6 2. c4 e6 3. Nf3 Bb4+ 4. Bd2 c5 5. a3 Bxd2+ 6. Qxd2 cxd4 7. Nxd4 O-O
8. Nc3 Nc6 9. e3 d5 10. Rd1 Qe7 11. Bd3 Nxd4 12. exd4 dxc4 13. Bxc4 Bd7 14. O-O
Bc6 15. Rfe1 Rfd8 16. Qg5 Nd5 17. Qe5 Nxc3 18. bxc3 Qxa3 19. Rd3 Qd6 20. Qg5 b5
21. Rg3 Qf8 22. Bd3 Rd5 23. Bxh7+ Kxh7 24. Qh4+ Kg8 25. Rh3 f6 26. Rxe6 Bd7 27.
Qe4 Bxe6 28. Qxe6+ Qf7 29. Rh8+ Kxh8 30. Qxf7 Rdd8 31. Qh5+ Kg8 32. Qxb5 a5 33.
Qa4 Rdc8 34. c4 Rcb8 35. h3 Rb4 36. Qc6 Rbb8 37. Qa4 Rb4 38. Qa2 a4 39. c5+ Kh8
40. c6 Rxd4 41. c7 Re4 42. Qd5 Ree8 43. Qh5+ Kg8 44. Qd5+ Kf8 45. Qd6+ Kg8 46.
Qd5+ 1/2-1/2

[Event "Albena BUL, 19th Open round_4"]
[Site "Albena BUL"]
[Date "2011.06.28"]
[Round "4.47"]
[White "Angelov, Kosta"]
[Black "Artunov, Kirkor"]
[Result "1-0"]
[WhiteElo "2238"]
[BlackElo "2038"]
[PlyCount "45"]
[EventDate "2011.06.25"]
[EventType "swiss"]
[EventRounds "9"]
[EventCountry "BUL"]

1. e4 e6 2. d4 d5 3. exd5 exd5 4. c4 Nf6 5. Nc3 Be7 6. Nf3 c6 7. cxd5 Nxd5 8.
Bd3 Be6 9. O-O Nxc3 10. bxc3 Nd7 11. Re1 Nf8 12. Ne5 Qc7 13. Qe2 O-O-O 14. Nxf7
Bxf7 15. Qxe7 Ng6 16. Qa3 Rde8 17. Be3 b6 18. Rab1 Be6 19. c4 Kb8 20. g3 Rhf8
21. Re2 Bf5 22. Bxf5 Rxf5 23. Bf4 1-0

[Event "Albena BUL, 19th Open round_4"]
[Site "Albena BUL"]
[Date "2011.06.28"]
[Round "4.48"]
[White "Reipsch, Jens"]
[Black "Daskalov, Dimitar"]
[Result "1-0"]
[WhiteElo "2237"]
[BlackElo "2035"]
[PlyCount "51"]
[EventDate "2011.06.25"]
[EventType "swiss"]
[EventRounds "9"]
[EventCountry "BUL"]

1. e4 c5 2. Nf3 e6 3. c3 Nf6 4. e5 Nd5 5. d4 cxd4 6. cxd4 d6 7. Nc3 Nb6 8. a4
Nc6 9. Bb5 Qc7 10. Bf4 a6 11. Bxc6+ Qxc6 12. Rc1 Nd5 13. Ne4 Qb6 14. Bd2 dxe5
15. dxe5 Bd7 16. O-O Bc6 17. Nfg5 Qc7 18. Qh5 g6 19. Qf3 Qd7 20. Rfd1 Bxa4 21.
b3 h6 22. Ba5 hxg5 23. Rxd5 Be7 24. Nf6+ Bxf6 25. Qxf6 O-O 26. Bd2 1-0

[Event "Albena BUL, 19th Open round_4"]
[Site "Albena BUL"]
[Date "2011.06.28"]
[Round "4.49"]
[White "Orndahl, Markus"]
[Black "Steimar, Miroslav"]
[Result "0-1"]
[WhiteElo "2235"]
[BlackElo "2024"]
[PlyCount "96"]
[EventDate "2011.06.25"]
[EventType "swiss"]
[EventRounds "9"]
[EventCountry "BUL"]

1. e4 c6 2. Nf3 d5 3. exd5 cxd5 4. Ne5 Nc6 5. Bb5 Qd6 6. d4 a6 7. Bxc6+ bxc6 8.
b3 g6 9. O-O Bg7 10. Ba3 Qc7 11. Re1 Be6 12. Qe2 Bxe5 13. dxe5 Nh6 14. Nc3 Qa5
15. Na4 Qb5 16. Qd2 Nf5 17. Nc5 O-O 18. Rad1 Ra7 19. Qf4 Qa5 20. Bb4 Qc7 21.
Rd3 h5 22. Qg5 Qc8 23. Ba5 Re8 24. a4 Ng7 25. Rc3 Kh7 26. h3 Bf5 27. e6 Bxe6
28. Rce3 f6 29. Qf4 Bf5 30. Bb6 e5 31. Qb4 Rae7 32. Qa5 Bxc2 33. Rc3 Bf5 34.
Nxa6 d4 35. Rcc1 Ne6 36. Nb4 Bxh3 37. Rxc6 Qb7 38. gxh3 Nf4 39. Qb5 Qd7 40. Qf1
Nxh3+ 41. Kh2 Nf4 42. Rxf6 Qg4 43. Rxf4 Qxf4+ 44. Kg1 Qg4+ 45. Qg2 Qd7 46. Nd5
Rf7 47. a5 Ref8 48. Re2 d3 0-1

[Event "Albena BUL, 19th Open round_5"]
[Site "Albena BUL"]
[Date "2011.06.29"]
[Round "5.1"]
[White "Nikolov, Momchil"]
[Black "Cheparinov, Ivan"]
[Result "1/2-1/2"]
[WhiteElo "2583"]
[BlackElo "2669"]
[PlyCount "100"]
[EventDate "2011.06.25"]
[EventType "swiss"]
[EventRounds "9"]
[EventCountry "BUL"]

1. d4 Nf6 2. c4 g6 3. f3 Bg7 4. e4 d6 5. Nc3 O-O 6. Be3 c5 7. Nge2 Nc6 8. d5
Ne5 9. Ng3 e6 10. Be2 exd5 11. cxd5 h5 12. O-O Nh7 13. Qd2 h4 14. Nh1 f5 15.
Nf2 Qf6 16. exf5 gxf5 17. Nh3 Ng6 18. f4 Bd7 19. Kh1 Rae8 20. Rae1 Re7 21. a4
Nh8 22. Rg1 Nf7 23. Bc4 Rfe8 24. Bf2 a6 25. a5 Qh6 26. Rxe7 Rxe7 27. Re1 Rxe1+
28. Qxe1 Bf6 29. b3 Nf8 30. Ne2 Ng6 31. b4 Qf8 32. Qb1 cxb4 33. Qxb4 Qc8 34.
Nhg1 Kh7 35. h3 Bd8 36. Bb3 Bb5 37. Qd2 Qc7 38. Bb6 Qe7 39. Bxd8 Qxd8 40. Nd4
Bd7 41. Ngf3 Qf6 42. Kh2 Qe7 43. Ne6 Bxe6 44. dxe6 Nd8 45. Qd3 Qf8 46. Ng5+ Kh6
47. Nf7+ Nxf7 48. Qxf5 Qc8 49. Qf6 Qh8 50. Qxf7 Qc3 1/2-1/2

[Event "Albena BUL, 19th Open round_5"]
[Site "Albena BUL"]
[Date "2011.06.29"]
[Round "5.2"]
[White "Rodshtein, Maxim"]
[Black "Szabo, Gergely-Andras-Gyul"]
[Result "1-0"]
[WhiteElo "2638"]
[BlackElo "2545"]
[PlyCount "75"]
[EventDate "2011.06.25"]
[EventType "swiss"]
[EventRounds "9"]
[EventCountry "BUL"]

1. d4 d5 2. c4 dxc4 3. e4 e5 4. Nf3 exd4 5. Bxc4 Bb4+ 6. Nbd2 Nc6 7. O-O Nf6 8.
e5 Nd5 9. Nb3 Nb6 10. Bb5 Qd5 11. Bxc6+ bxc6 12. Qxd4 a5 13. Bd2 Bxd2 14. Nbxd2
Be6 15. Rfc1 Nd7 16. Qc3 Ra6 17. Nb3 a4 18. Nbd4 c5 19. Nxe6 Qxe6 20. Ng5 Qg6
21. Rd1 h6 22. Nh3 Qf5 23. Qc2 Kd8 24. Nf4 Kc8 25. Qe2 Nb8 26. Nd3 Re8 27. Rac1
Rc6 28. Rc4 Rd8 29. h3 Rd4 30. Rxd4 cxd4 31. Qd2 Qe6 32. Qb4 Qc4 33. Qf8+ Kb7
34. Qxg7 Qxa2 35. Qg4 Qb3 36. Qf3 Ka7 37. Ra1 Rb6 38. Qe4 1-0

[Event "Albena BUL, 19th Open round_5"]
[Site "Albena BUL"]
[Date "2011.06.29"]
[Round "5.3"]
[White "Lupulescu, Constantin"]
[Black "Carlsson, Pontus"]
[Result "*"]
[WhiteElo "2638"]
[BlackElo "2497"]
[PlyCount "63"]
[EventDate "2011.06.25"]
[EventType "swiss"]
[EventRounds "9"]
[EventCountry "BUL"]

1. Nf3 d5 2. d4 Nf6 3. c4 c6 4. e3 Bf5 5. Nc3 e6 6. Nh4 Bg6 7. Qb3 Qc7 8. cxd5
exd5 9. Nxg6 hxg6 10. g3 Nbd7 11. Bg2 Be7 12. Qc2 Nb6 13. O-O O-O-O 14. a4 a5
15. Rd1 Kb8 16. Rb1 Rh5 17. h3 Bd6 18. b4 Bxb4 19. Na2 Bd6 20. Rd3 Nbd7 21.
Rdb3 b6 22. Nc3 Ka7 23. g4 Rhh8 24. g5 Nh7 25. e4 dxe4 26. Nxe4 Bb4 27. Bd2
Bxd2 28. Qxd2 Rb8 29. d5 Rhd8 30. Qc2 f5 31. Nc3 Nc5 32. dxc6 *

[Event "Albena BUL, 19th Open round_5"]
[Site "Albena BUL"]
[Date "2011.06.29"]
[Round "5.4"]
[White "Delchev, Aleksander"]
[Black "Nikolov, Sasho"]
[Result "1-0"]
[WhiteElo "2619"]
[BlackElo "2418"]
[PlyCount "65"]
[EventDate "2011.06.25"]
[EventType "swiss"]
[EventRounds "9"]
[EventCountry "BUL"]

1. c4 e6 2. g3 d5 3. Bg2 Nf6 4. Nf3 Be7 5. O-O O-O 6. d4 Nbd7 7. Qc2 c6 8. Nbd2
b6 9. e4 a5 10. Re1 Ba6 11. e5 Ne8 12. cxd5 cxd5 13. Nf1 Nc7 14. h4 Rc8 15. Ng5
g6 16. Qd1 Bxf1 17. Bxf1 b5 18. Bd3 Nb8 19. Be3 Nc6 20. Rc1 Qd7 21. Bb1 a4 22.
h5 Bb4 23. Rf1 Ne7 24. a3 Ba5 25. g4 Ne8 26. Rxc8 Qxc8 27. Kg2 f6 28. Nxh7 Kxh7
29. hxg6+ Kg8 30. Rh1 f5 31. Rh8+ Kg7 32. Rh7+ Kxg6 33. Qh1 1-0

[Event "Albena BUL, 19th Open round_5"]
[Site "Albena BUL"]
[Date "2011.06.29"]
[Round "5.5"]
[White "Kadric, Denis"]
[Black "Grigoryan, Avetik"]
[Result "0-1"]
[WhiteElo "2376"]
[BlackElo "2608"]
[PlyCount "58"]
[EventDate "2011.06.25"]
[EventType "swiss"]
[EventRounds "9"]
[EventCountry "BUL"]

1. e4 g6 2. d4 Bg7 3. Nc3 d6 4. Be3 c6 5. f4 Qb6 6. Rb1 e5 7. Nge2 Nf6 8. Qd2
Qc7 9. h3 b5 10. dxe5 dxe5 11. fxe5 Qxe5 12. Rd1 O-O 13. Bf4 Qe6 14. Bd6 Re8
15. e5 b4 16. Bxb4 Qxe5 17. Bd6 Qe6 18. Kf2 Rd8 19. Nf4 Ne4+ 20. Nxe4 Qxe4 21.
Qe2 Bd4+ 22. Ke1 Qxe2+ 23. Nxe2 Bxb2 24. g4 Ba6 25. Rh2 Re8 26. Bg3 Bc4 27. Rb1
Bg7 28. Rf2 Na6 29. Bg2 Bd4 0-1

[Event "Albena BUL, 19th Open round_5"]
[Site "Albena BUL"]
[Date "2011.06.29"]
[Round "5.6"]
[White "Chatalbashev, Boris"]
[Black "Sanduleac, Vasile"]
[Result "1/2-1/2"]
[WhiteElo "2591"]
[BlackElo "2424"]
[PlyCount "93"]
[EventDate "2011.06.25"]
[EventType "swiss"]
[EventRounds "9"]
[EventCountry "BUL"]

1. d4 d6 2. e4 g6 3. Nc3 Bg7 4. Be3 c6 5. Qd2 b5 6. f3 a6 7. Nge2 Nd7 8. g4 h5
9. gxh5 Rxh5 10. Ng3 Rh8 11. O-O-O Qa5 12. Kb1 Nb6 13. Bd3 Nc4 14. Bxc4 bxc4
15. h4 Nf6 16. e5 Nd5 17. Nxd5 Qxd5 18. f4 Be6 19. Qe2 Rb8 20. c3 Kd7 21. Bc1
Kc7 22. Ka1 Rbd8 23. h5 Rdg8 24. hxg6 fxg6 25. Rhg1 Bf8 26. Ne4 Bf5 27. exd6+
Kd8 28. dxe7+ Bxe7 29. Nc5 Re8 30. Qe5 Qxe5 31. dxe5+ Kc7 32. Nxa6+ Kb6 33. Nb4
Bc5 34. Rge1 Rd8 35. a3 Kb5 36. Ka2 Bf2 37. Rf1 Bb6 38. Rxd8 Rxd8 39. b3 cxb3+
40. Kxb3 Be6+ 41. Kb2 c5 42. Nc2 Ba5 43. Ne3 Ka4 44. f5 Rb8+ 45. Kc2 Bb3+ 46.
Kd3 Rd8+ 47. Ke2 1/2-1/2

[Event "Albena BUL, 19th Open round_5"]
[Site "Albena BUL"]
[Date "2011.06.29"]
[Round "5.7"]
[White "Georgiev, Krum"]
[Black "Jaracz, Pawel"]
[Result "1/2-1/2"]
[WhiteElo "2423"]
[BlackElo "2575"]
[PlyCount "23"]
[EventDate "2011.06.25"]
[EventType "swiss"]
[EventRounds "9"]
[EventCountry "BUL"]

1. e4 e5 2. Nf3 Nc6 3. Bb5 a6 4. Bxc6 dxc6 5. O-O f6 6. d3 Bd6 7. Be3 Ne7 8.
Nbd2 c5 9. Re1 O-O 10. Nf1 Be6 11. Ng3 Qd7 12. c3 1/2-1/2

[Event "Albena BUL, 19th Open round_5"]
[Site "Albena BUL"]
[Date "2011.06.29"]
[Round "5.8"]
[White "Svetushkin, Dmitry"]
[Black "Dimitrov, Pavel"]
[Result "1-0"]
[WhiteElo "2561"]
[BlackElo "2344"]
[PlyCount "105"]
[EventDate "2011.06.25"]
[EventType "swiss"]
[EventRounds "9"]
[EventCountry "BUL"]

1. e4 e5 2. Nf3 Nc6 3. Bb5 a6 4. Ba4 Nf6 5. O-O b5 6. Bb3 Be7 7. Re1 O-O 8. h3
d6 9. c3 Na5 10. Bc2 c5 11. d4 cxd4 12. cxd4 Qc7 13. Nbd2 Re8 14. b3 Bb7 15.
Bb2 Nc6 16. a3 Rac8 17. Rc1 Bf8 18. d5 Ne7 19. b4 Ng6 20. Nb3 Qd7 21. Bd3 Nf4
22. Bf1 g6 23. Na5 Ba8 24. a4 N6h5 25. axb5 axb5 26. Nc6 Rxc6 27. dxc6 Bxc6 28.
Qc2 Rc8 29. Bxe5 dxe5 30. Nxe5 Qb7 31. Nxc6 Kh8 32. Qc3+ Ng7 33. Na5 Rxc3 34.
Nxb7 Bxb4 35. Nd6 Nge6 36. Nxb5 Rb3 37. Rb1 Rxb1 38. Rxb1 Bc5 39. Rc1 Bb4 40.
Rc4 Be1 41. Nc7 Kg7 42. Nxe6+ Nxe6 43. g3 h5 44. h4 Nf8 45. Rc7 Ne6 46. Ra7 Bb4
47. Bc4 Kf6 48. Kg2 Bc5 49. Rd7 Bb4 50. f4 Bc3 51. e5+ Bxe5 52. fxe5+ Kxe5 53.
Rxf7 1-0

[Event "Albena BUL, 19th Open round_5"]
[Site "Albena BUL"]
[Date "2011.06.29"]
[Round "5.9"]
[White "Anton, Teodor"]
[Black "Nevednichy, Vladislav"]
[Result "1-0"]
[WhiteElo "2355"]
[BlackElo "2542"]
[PlyCount "69"]
[EventDate "2011.06.25"]
[EventType "swiss"]
[EventRounds "9"]
[EventCountry "BUL"]

1. d4 g6 2. c4 Bg7 3. g3 d6 4. Bg2 Nd7 5. Nf3 e5 6. Nc3 Ne7 7. O-O O-O 8. e4
exd4 9. Nxd4 Nc6 10. Nde2 Nc5 11. Be3 a5 12. Rb1 Re8 13. Qd2 a4 14. b4 axb3 15.
axb3 Be6 16. Nd5 Ra3 17. b4 Nd7 18. c5 Bxd5 19. exd5 Nce5 20. c6 bxc6 21. dxc6
Nf6 22. Qc1 Qa8 23. b5 Nd3 24. Qc2 Ng4 25. b6 Nxe3 26. fxe3 cxb6 27. c7 d5 28.
Rxb6 Be5 29. Rb5 Rc8 30. Bxd5 Qa7 31. Rxf7 Qxe3+ 32. Kh1 Kh8 33. Rb1 Ra7 34.
Rf3 Raxc7 35. Qxd3 1-0

[Event "Albena BUL, 19th Open round_5"]
[Site "Albena BUL"]
[Date "2011.06.29"]
[Round "5.10"]
[White "Akesson, Ralf"]
[Black "Soltanici, Ruslan"]
[Result "1/2-1/2"]
[WhiteElo "2451"]
[BlackElo "2367"]
[PlyCount "63"]
[EventDate "2011.06.25"]
[EventType "swiss"]
[EventRounds "9"]
[EventCountry "BUL"]

1. d4 Nf6 2. c4 e6 3. g3 Bb4+ 4. Bd2 Qe7 5. Bg2 Nc6 6. Nf3 Bxd2+ 7. Nbxd2 d6 8.
O-O a5 9. e4 e5 10. d5 Nb8 11. Ne1 h5 12. h4 O-O 13. Nd3 Na6 14. b3 c6 15. Qe2
Nb4 16. Rfc1 Nxd3 17. Qxd3 c5 18. a3 Bd7 19. b4 b6 20. bxc5 bxc5 21. Rcb1 Rfb8
22. Ra2 Qd8 23. Rab2 Rxb2 24. Rxb2 Rb8 25. Qb1 Rxb2 26. Qxb2 a4 27. Nb1 Qa5 28.
Nc3 Kf8 29. Bf1 Ke7 30. Bd3 Kd8 31. Qb8+ Ke7 32. Qb2 1/2-1/2

[Event "Albena BUL, 19th Open round_5"]
[Site "Albena BUL"]
[Date "2011.06.29"]
[Round "5.11"]
[White "Vutov, Mario"]
[Black "Arnaudov, G  Petar"]
[Result "0-1"]
[WhiteElo "2342"]
[BlackElo "2449"]
[PlyCount "76"]
[EventDate "2011.06.25"]
[EventType "swiss"]
[EventRounds "9"]
[EventCountry "BUL"]

1. e4 e5 2. Nf3 Nc6 3. Bb5 a6 4. Ba4 Nge7 5. O-O g6 6. c3 Bg7 7. d4 exd4 8.
cxd4 b5 9. Bb3 O-O 10. Nc3 d6 11. h3 Na5 12. Bc2 c5 13. dxc5 dxc5 14. Qxd8 Rxd8
15. Be3 Nc4 16. Bxc5 Re8 17. Bxe7 Rxe7 18. Nd5 Rea7 19. Bb3 Nxb2 20. Rac1 Rb8
21. Rc2 a5 22. a3 h6 23. Rb1 b4 24. a4 Nd3 25. Rd1 Ne5 26. Nd4 g5 27. g4 Ba6
28. f3 Bd3 29. Rcc1 Ba6 30. Rc2 Rd7 31. Kf2 Re8 32. Nf5 Kf8 33. Ke3 Rdd8 34.
Rc5 Rc8 35. Rxa5 Bc4 36. Nxg7 Kxg7 37. Bc2 Bxd5 38. Raxd5 Rxc2 0-1

[Event "Albena BUL, 19th Open round_5"]
[Site "Albena BUL"]
[Date "2011.06.29"]
[Round "5.12"]
[White "Grigorov, Grigor"]
[Black "Bargan, Sergei"]
[Result "1/2-1/2"]
[WhiteElo "2497"]
[BlackElo "2297"]
[PlyCount "79"]
[EventDate "2011.06.25"]
[EventType "swiss"]
[EventRounds "9"]
[EventCountry "BUL"]

1. Nf3 c5 2. c4 Nf6 3. Nc3 Nc6 4. d4 cxd4 5. Nxd4 g6 6. e4 d6 7. Be2 Bg7 8. Be3
O-O 9. O-O Bd7 10. Qd2 a6 11. f3 Rb8 12. Nc2 Ne5 13. a4 Be6 14. b3 Nc6 15. Rab1
Nd7 16. f4 f5 17. Bf3 Nf6 18. exf5 Bxf5 19. Rbe1 Ng4 20. Bxg4 Bxg4 21. Nd5 b5
22. cxb5 axb5 23. Nd4 Nxd4 24. Bxd4 e5 25. fxe5 Rxf1+ 26. Kxf1 dxe5 27. Bxe5
Qf8+ 28. Kg1 Qc5+ 29. Kh1 Re8 30. Bxg7 Rxe1+ 31. Qxe1 Qxd5 32. Bc3 Qd1 33. a5
Qxe1+ 34. Bxe1 Be6 35. b4 Kf7 36. Kg1 Ke8 37. Kf2 Kd7 38. Ke3 Kc6 39. Kd4 h5
40. Bf2 1/2-1/2

[Event "Albena BUL, 19th Open round_5"]
[Site "Albena BUL"]
[Date "2011.06.29"]
[Round "5.13"]
[White "Nikolaou, Georgios"]
[Black "Kolev, Atanas"]
[Result "1/2-1/2"]
[WhiteElo "2286"]
[BlackElo "2590"]
[PlyCount "119"]
[EventDate "2011.06.25"]
[EventType "swiss"]
[EventRounds "9"]
[EventCountry "BUL"]

1. Nf3 Nf6 2. g3 d5 3. Bg2 c6 4. b3 Bg4 5. Bb2 Nbd7 6. d4 e6 7. O-O Bd6 8. Nbd2
O-O 9. Ne5 Bh5 10. Nxd7 Qxd7 11. Qe1 Bb4 12. c3 Be7 13. e4 dxe4 14. Nxe4 Rad8
15. Bc1 Rfe8 16. Nxf6+ Bxf6 17. Bf4 g5 18. Be3 e5 19. Qc1 Qe7 20. dxe5 Qxe5 21.
Bd4 Qf5 22. Bxf6 Qxf6 23. Re1 h6 24. Re3 Re5 25. Rxe5 Qxe5 26. Qe1 Qxe1+ 27.
Rxe1 Kf8 28. h4 gxh4 29. gxh4 Rd2 30. Re5 Bg4 31. Re4 Be6 32. Rb4 Rd7 33. Kf1
Rc7 34. Rd4 c5 35. Rd8+ Kg7 36. Bf3 b6 37. Ke2 Bf5 38. Re8 Rd7 39. Be4 Be6 40.
Rb8 Kf6 41. Rb7 Rxb7 42. Bxb7 Kf5 43. Kf3 a5 44. Be4+ Ke5 45. Bc6 c4 46. bxc4
Bxc4 47. a3 Bd5+ 48. Bxd5 Kxd5 49. Kg4 Kc4 50. Kh5 Kxc3 51. Kxh6 b5 52. Kg7 b4
53. axb4 axb4 54. h5 b3 55. h6 b2 56. h7 b1=Q 57. h8=Q Qf5 58. Qh6 Qxf2 59.
Qf6+ Qxf6+ 60. Kxf6 1/2-1/2

[Event "Albena BUL, 19th Open round_5"]
[Site "Albena BUL"]
[Date "2011.06.29"]
[Round "5.14"]
[White "Stanojoski, Zvonko"]
[Black "Samhouri, Bilal"]
[Result "1-0"]
[WhiteElo "2493"]
[BlackElo "2269"]
[PlyCount "127"]
[EventDate "2011.06.25"]
[EventType "swiss"]
[EventRounds "9"]
[EventCountry "BUL"]

1. e4 c5 2. Nf3 e6 3. d4 cxd4 4. Nxd4 Nf6 5. Nc3 Nc6 6. g3 d5 7. Bb5 Bd7 8.
exd5 exd5 9. O-O Be7 10. Re1 O-O 11. Bf1 Rc8 12. Nce2 Re8 13. c3 Bc5 14. Nb3
Ne5 15. Bg2 Bb6 16. h3 Ne4 17. Nbd4 Qf6 18. Rf1 Nc4 19. Nf4 Qd6 20. Nde2 Nf6
21. a4 Qe7 22. Nd4 h6 23. b3 Nd6 24. Bb2 Nde4 25. Qd3 Bc7 26. Nfe2 Nc5 27. Qc2
Nce4 28. Rfe1 Be6 29. Nxe6 fxe6 30. Rf1 Bb6 31. a5 Bc5 32. Qd3 Rf8 33. Nd4 Qf7
34. b4 Bxd4 35. Qxd4 a6 36. Rac1 Rc4 37. Qb6 Rc6 38. Qe3 Rfc8 39. Rfe1 Rc4 40.
g4 R4c6 41. f3 Ng5 42. f4 Ngh7 43. Rf1 Rc4 44. f5 Ne4 45. Qb6 e5 46. Rfe1 Nhf6
47. Bf1 R4c6 48. Qe3 Qc7 49. c4 dxc4 50. Bxc4+ Rxc4 51. Rxc4 Qxc4 52. Rc1 Qd5
53. Rxc8+ Kh7 54. Rc1 Ng5 55. Rf1 Nge4 56. Bc3 Qc4 57. Bxe5 Nd5 58. Qd4 Qxd4+
59. Bxd4 Nxb4 60. Re1 Ng5 61. Kg2 Nc6 62. Bc3 Nf7 63. Re6 Kg8 64. Rg6 1-0

[Event "Albena BUL, 19th Open round_5"]
[Site "Albena BUL"]
[Date "2011.06.29"]
[Round "5.15"]
[White "Gruenfeld, Yehuda"]
[Black "Taras, Iulian-Ioan"]
[Result "1/2-1/2"]
[WhiteElo "2484"]
[BlackElo "2267"]
[PlyCount "159"]
[EventDate "2011.06.25"]
[EventType "swiss"]
[EventRounds "9"]
[EventCountry "BUL"]

1. e4 c5 2. Nf3 b6 3. Nc3 Bb7 4. Bc4 e6 5. O-O Nf6 6. Re1 Nc6 7. e5 d5 8. Bf1
Nd7 9. d4 Be7 10. Ne2 Ba6 11. c3 g5 12. Ng3 Bxf1 13. Rxf1 h5 14. Be3 g4 15. Ne1
f5 16. exf6 Bxf6 17. Ne2 Qe7 18. Qa4 Rc8 19. Nd3 Bg5 20. Bxg5 Qxg5 21. Nef4 Rh6
22. Rae1 Kf7 23. dxc5 bxc5 24. f3 g3 25. Nh3 gxh2+ 26. Kxh2 Qe7 27. f4 Kg7 28.
Qa6 Rc7 29. c4 Nf6 30. cxd5 Ng4+ 31. Kg1 Nd4 32. Ng5 exd5 33. Qa5 Qd6 34. Qc3
Rf6 35. b4 Nb5 36. bxc5 Nxc3 37. cxd6 Rd7 38. Ne6+ Kg8 39. Nd4 Rdxd6 40. Rc1
Ne4 41. f5 Rd8 42. Rf3 Ng5 43. Rg3 Kg7 44. Nf4 Kh6 45. Ra3 Rd7 46. Rac3 Rd8 47.
Rc7 a6 48. a4 Ne3 49. R1c6 Rdd6 50. Rxd6 Rxd6 51. Kf2 Nd1+ 52. Ke2 Nb2 53. a5
Nc4 54. Rc8 Ne4 55. Nfe6 Kh7 56. Nf3 Ng3+ 57. Kd3 Nxf5 58. Rc7+ Kg6 59. Nf4+
Kh6 60. Rc8 Nxa5 61. Rh8+ Kg7 62. Rxh5 Ne7 63. Nd4 Nac6 64. Nde6+ Kf6 65. Rh6+
Ke5 66. g4 Nd8 67. Rh5+ Kf6 68. Nc5 Nf7 69. Kd2 Ne5 70. Rh6+ N7g6 71. Nxg6 Nxg6
72. Rh5 a5 73. Rf5+ Kg7 74. Kd3 Ne7 75. Re5 Nc6 76. Rg5+ Rg6 77. Ne6+ Kf6 78.
Rxg6+ Kxg6 79. Nf4+ Kg5 80. Nxd5 1/2-1/2

[Event "Albena BUL, 19th Open round_5"]
[Site "Albena BUL"]
[Date "2011.06.29"]
[Round "5.18"]
[White "Farago, Ivan"]
[Black "Reipsch, Jens"]
[Result "1-0"]
[WhiteElo "2448"]
[BlackElo "2237"]
[PlyCount "111"]
[EventDate "2011.06.25"]
[EventType "swiss"]
[EventRounds "9"]
[EventCountry "BUL"]

1. d4 Nf6 2. c4 c5 3. d5 b5 4. cxb5 a6 5. e3 axb5 6. Bxb5 Ba6 7. Nc3 Bxb5 8.
Nxb5 d6 9. Ne2 g6 10. O-O Bg7 11. Nec3 Qb6 12. Qe2 O-O 13. e4 Nfd7 14. Be3 Na6
15. Rab1 Rfb8 16. b3 Nc7 17. Nxc7 Qxc7 18. Nb5 Qd8 19. a4 Rb7 20. h3 Nb8 21. e5
dxe5 22. Bxc5 Qxd5 23. Rfd1 Qxc5 24. Rbc1 Nd7 25. Rxc5 Nxc5 26. Qc4 Ne6 27. a5
Bf8 28. Qc6 Rab8 29. Rd5 Nf4 30. Rxe5 Nd3 31. Rg5 h6 32. a6 Rb6 33. Rxg6+ fxg6
34. Qc4+ Kh7 35. a7 Rxb5 36. axb8=Q Rxb8 37. Qxd3 Rb4 38. Qe3 Bg7 39. Qe6 h5
40. Kf1 Rb5 41. Qc4 Rf5 42. b4 Be5 43. b5 Bd6 44. b6 Rf4 45. Qd5 Rf5 46. Qb3
Rf8 47. b7 Kg7 48. Qc3+ Kf7 49. Ke2 Rb8 50. Qc8 Kf6 51. Ke3 Ke5 52. h4 Kd5 53.
Kd3 Be5 54. g3 Bd6 55. f4 e5 56. Qc4# 1-0

[Event "Albena BUL, 19th Open round_5"]
[Site "Albena BUL"]
[Date "2011.06.29"]
[Round "5.19"]
[White "Cioara, Andrei-Nestor"]
[Black "Halldorsson, Jon Arni"]
[Result "1-0"]
[WhiteElo "2427"]
[BlackElo "2214"]
[PlyCount "47"]
[EventDate "2011.06.25"]
[EventType "swiss"]
[EventRounds "9"]
[EventCountry "BUL"]

1. Nf3 d5 2. c4 c6 3. g3 Nf6 4. Bg2 Bf5 5. O-O e6 6. d3 h6 7. b3 Nbd7 8. Bb2
Bd6 9. Nbd2 Qe7 10. a3 a5 11. Re1 Bh7 12. cxd5 exd5 13. e4 dxe4 14. dxe4 Bc5
15. Bh3 Nf8 16. b4 axb4 17. axb4 Rxa1 18. Qxa1 Bxb4 19. Qa8+ Qd8 20. Qxb7 Bxd2
21. Rd1 Bxe4 22. Rxd2 Bd5 23. Ne5 Ne4 24. Qxf7+ 1-0